000 00405 a2200133 4500
001 92260
082 _aPR 2504
090 _c44203
_d44202
100 _aBisma Shahid; Prof Prof Irfan Shahid and Shafqat-ul-Mulk (Advisors)_
245 _aHardware Implementation for Montgomery Multiplication Algorithms
_n77 "B" EC
260 _aIslamabad
_bNUST
_c2014
300 _aix,55p.
500 _aBE Project Reports
942 _aCAE NUST
_kPR 2504
999 _c327333
_d327333